Music Quiz

Random Music or Classical Quiz

Can you guess the composer name with no vowels? Quiz Stats

 Plays Quiz not verified by Sporcle

Challenge
Share
Tweet
Embed
Score 0/35 Timer 10:00
0 Plays Today
Hint Answer % Correct
MZRTMozart
99.6%
BTHVNBeethoven
97.5%
STRSSStrauss
92.9%
BCHBach
87.6%
DVRKDvorak
87.2%
SHSTKVCHShostakovich
82.4%
BRTKBartok
75.8%
CHPNChopin
73.4%
WGNRWagner
73.1%
SCHBRTSchubert
72.8%
DBSSYDebussy
71.9%
TCHKVSKYTchaikovsky
71.3%
HNDLHandel
71.1%
VVLDVivaldi
67.9%
MNDLSSHNMendelssohn
65.9%
VGHN WLLMSVaughan Williams
65.3%
GRSHWNGershwin
65%
MHLRMahler
64.5%
Hint Answer % Correct
ZMMRZimmer
59%
PCHLBLPachelbel
58.8%
VRDVerdi
58.1%
HLSTHolst
57.1%
SNT SNSSaint-Saens
54.4%
PLNCPoulenc
38.5%
BXTHDBuxtehude
23%
RFFOrff
19.4%
LGRElgar
18.5%
FRFauré
17.7%
STSatie
14.9%
ZPLIZipoli
13.3%
LBNNAlbinoni
8.3%
VSIves
6.9%
NSCEnescu
4.8%
NDEinaudi
4.4%
MTSUematsu
1.6%

You're not logged in!

Compare scores with friends on all Sporcle quizzes.
Join for Free
OR
Log In

You Might Also Like...

Show Comments

Extras

Top Quizzes Today


Score Distribution

Your Account Isn't Verified!

In order to create a playlist on Sporcle, you need to verify the email address you used during registration. Go to your Sporcle Settings to finish the process.

Report this User

Report this user for behavior that violates our Community Guidelines.

Details: